<?xml version="1.0" encoding="UTF-8"?>
<record
    xmlns:xsi="http://www.w3.org/2001/XMLSchema-instance"
    xsi:schemaLocation="http://www.loc.gov/MARC21/slim http://www.loc.gov/standards/marcxml/schema/MARC21slim.xsd"
    xmlns="http://www.loc.gov/MARC21/slim">

  <leader>00719cam9a220020500 4500</leader>
  <controlfield tag="001">qcf00354255</controlfield>
  <controlfield tag="005">20190826102357.0</controlfield>
  <controlfield tag="008">790330s1949    be b          000 0 fre d</controlfield>
  <datafield tag="035" ind1=" " ind2=" ">
    <subfield code="a">(Sirsi) r105071</subfield>
  </datafield>
  <datafield tag="035" ind1=" " ind2=" ">
    <subfield code="a">(QCAT)lss02282766</subfield>
  </datafield>
  <datafield tag="035" ind1=" " ind2=" ">
    <subfield code="a">(UPRA)qcf00354255</subfield>
  </datafield>
  <datafield tag="040" ind1=" " ind2=" ">
    <subfield code="d">UPRA</subfield>
  </datafield>
  <datafield tag="100" ind1="1" ind2=" ">
    <subfield code="a">Bulck, Gaston van.</subfield>
    <subfield code="6">A62069.1</subfield>
  </datafield>
  <datafield tag="245" ind1="1" ind2="0">
    <subfield code="a">Manuel de linguistique Bantoue.</subfield>
  </datafield>
  <datafield tag="260" ind1=" " ind2=" ">
    <subfield code="a">Bruxelles :</subfield>
    <subfield code="b">libr. Falk, G. van Campenhout,</subfield>
    <subfield code="c">1949.</subfield>
  </datafield>
  <datafield tag="490" ind1="0" ind2=" ">
    <subfield code="a">Institut royal colonial belge. Section des sciences morales et politiques. Memoires. Collection in-8 ;</subfield>
    <subfield code="v">t. 17, fasc. 3 et dernier</subfield>
    <subfield code="6">S9901.2</subfield>
  </datafield>
  <datafield tag="650" ind1=" " ind2="0">
    <subfield code="a">Bantu languages.</subfield>
    <subfield code="6">S3923.1</subfield>
  </datafield>
  <datafield tag="949" ind1=" " ind2=" ">
    <subfield code="a">DT1.A2</subfield>
    <subfield code="w">lcc</subfield>
    <subfield code="i">-149256</subfield>
    <subfield code="m">MAIN</subfield>
    <subfield code="t">BOOK</subfield>
    <subfield code="l">ON-SHELF</subfield>
  </datafield>
  <controlfield tag="004">105071</controlfield>
  <datafield tag="999" ind1=" " ind2=" ">
    <subfield code="c">164223</subfield>
    <subfield code="d">164223</subfield>
  </datafield>
</record>
